Every monarch of the states of the German Confederation - Statistics

General Stats
  • This quiz has been taken 31 times
  • The average score is 91 of 125
Answer Stats
State Years Monarch % Correct
Empire of Austria 1815-1835 Franz I
94%
Empire of Austria 1848-1866 Franz Josef I
94%
Duchy of Holstein 1815-1839 Frederik VII
94%
Duchy of Holstein 1848-1863 Frederik VIII
94%
Duchy of Saxe-Hildburghausen 1815-1826 Friedrich
94%
Duchy of Saxe-Altenburg 1826-1834 Friedrich
94%
Duchy of Nassau 1815-1816 Friedrich August
94%
Kingdom of Saxony 1815-1827 Friedrich August I
94%
Kingdom of Saxony 1836-1854 Friedrich August II
94%
Duchy of Anhalt-Köthen 1818-1830 Friedrich Ferdinand
94%
Grand Duchy of Mecklenburg-Schwerin 1815-1837 Friedrich Franz I
94%
Grand Duchy of Mecklenburg-Schwerin 1842-1866 Friedrich Franz II
94%
Principality of Schwarzburg-Rudolstadt 1815-1866 Friedrich Günther
94%
Principality of Hohenzollern-Hechingen 1815-1838 Friedrich Hermann Otto
94%
Kingdom of Württemberg 1815-1816 Friedrich I
94%
Grand Duchy of Baden 1858-1866 Friedrich I
94%
Duchy of Saxe-Gotha-Altenburg 1822-1825 Friedrich IV
94%
Landgraviate of Hesse-Homburg 1817-1820 Friedrich V
94%
Landgraviate of Hesse-Homburg 1820-1829 Friedrich VI
94%
Duchy of Saxe-Lauenburg 1815-1839 Friedrich VII
94%
Duchy of Saxe-Lauenburg 1848-1863 Friedrich VIII
94%
Electorate of Hesse 1847-1866 Friedrich Wilhelm
94%
Grand Duchy of Mecklenburg-Strelitz 1860-1866 Friedrich Wilhelm
94%
Duchy of Brunswick 1815 Friedrich Wilhelm
94%
Principality of Nassau-Weilburg 1815-1816 Friedrich Wilhelm
94%
Kingdom of Prussia 1815-1840 Friedrich Wilhelm III
94%
Kingdom of Prussia 1840-1861 Friedrich Wilhelm IV
94%
Grand Duchy of Luxembourg 1815-1840 Guillaume I
94%
Grand Duchy of Luxembourg 1840-1849 Guillaume II
94%
Grand Duchy of Luxembourg 1849-1866 Guillaume III
94%
Principality of Hohenzollern-Sigmaringen 1831-1848 Karl
94%
Grand Duchy of Saxe-Weimar-Eisenach 1853-1866 Karl Alexander
94%
Principality of Hohenzollern-Sigmaringen 1848-1849 Karl Anton
94%
Grand Duchy of Saxe-Weimar-Eisenach 1815-1828 Karl August
94%
Grand Duchy of Saxe-Weimar-Eisenach 1828-1853 Karl Friedrich
94%
Kingdom of Württemberg 1864-1866 Karl I
94%
Grand Duchy of Baden 1815-1818 Karl I
94%
Grand Duchy of Mecklenburg-Strelitz 1815-1816 Karl II
94%
Duchy of Brunswick 1815-1830 Karl II
94%
Grand Duchy of Oldenburg 1815-1823 Wilhelm
94%
Duchy of Brunswick 1830-1866 Wilhelm
94%
Duchy of Nassau 1816-1839 Wilhelm
94%
Principality of Nassau-Weilburg 1816 Wilhelm
94%
Kingdom of Prussia 1861-1866 Wilhelm I
94%
Kingdom of Württemberg 1816-1864 Wilhelm I
94%
Electorate of Hesse 1815-1821 Wilhelm I
94%
Duchy of Saxe-Lauenburg 1865-1866 Wilhelm I
94%
Electorate of Hesse 1821-1847 Wilhelm II
94%
Kingdom of Hanover 1830-1837 Wilhelm IV
94%
Duchy of Limburg 1839-1840 Willem I
94%
Duchy of Limburg 1840-1849 Willem II
94%
Duchy of Limburg 1849-1866 Willem III
94%
Duchy of Anhalt-Köthen 1830-1847 Heinrich
83%
Principality of Reuss-Ebersdorf 1815-1822 Heinrich LI
83%
Principality of Reuss-Lobenstein 1815-1824 Heinrich LIV
83%
Principality of Reuss-Gera 1818-1848 Heinrich LXII
83%
Principality of Reuss Junior Line 1848-1854 Heinrich LXII
83%
Principality of Reuss Junior Line 1854-1866 Heinrich LXVII
83%
Principality of Reuss-Ebersdorf 1822-1824 Heinrich LXXII
83%
Principality of Reuss-Lobenstein-Ebersdorf 1824-1848 Heinrich LXXII
83%
Principality of Reuss-Greiz 1815-1817 Heinrich XIII
83%
Principality of Reuss-Greiz 1817-1836 Heinrich XIX
83%
Principality of Reuss-Gera 1815-1818 Heinrich XLII
83%
Principality of Reuss-Greiz 1836-1848 Heinrich XX
83%
Principality of Reuss Elder Line 1848-1859 Heinrich XX
83%
Principality of Reuss Elder Line 1859-1866 Heinrich XXII
83%
Duchy of Anhalt-Köthen 1815-1818 Ludwig August
83%
Kingdom of Bavaria 1825-1848 Ludwig I
83%
Grand Duchy of Baden 1818-1830 Ludwig I
83%
Grand Duchy of Hesse and by Rhine 1815-1830 Ludwig I
83%
Kingdom of Bavaria 1864-1866 Ludwig II
83%
Grand Duchy of Baden 1852-1858 Ludwig II
83%
Grand Duchy of Hesse and by Rhine 1830-1848 Ludwig II
83%
Grand Duchy of Hesse and by Rhine 1848-1866 Ludwig III
83%
Landgraviate of Hesse-Homburg 1829-1839 Ludwig Wilhelm
83%
Duchy of Saxe-Gotha-Altenburg 1815-1822 August
78%
Grand Duchy of Oldenburg 1829-1853 August I
78%
Grand Duchy of Mecklenburg-Strelitz 1816-1860 Georg
72%
Duchy of Saxe-Altenburg 1848-1853 Georg
72%
Principality of Waldeck and Pyrmont 1815-1845 Georg II
72%
Kingdom of Hanover 1815-1820 Georg III
72%
Kingdom of Hanover 1820-1830 Georg IV
72%
Kingdom of Hanover 1851-1866 Georg V
72%
Principality of Waldeck and Pyrmont 1845-1866 Georg Viktor
72%
Principality of Schaumburg-Lippe 1815-1860 Georg Wilhelm
72%
Duchy of Saxe-Altenburg 1834-1848 Joseph
72%
Landgraviate of Hesse-Homburg 1848-1866 Ferdinand
61%
Empire of Austria 1835-1848 Ferdinand I
61%
Kingdom of Saxony 1854-1866 Johann
50%
Principality of Liechtenstein 1858-1866 Johann II
50%
Principality of Liechtenstein 1815-1836 Johann I Joseph
50%
Duchy of Anhalt-Bernburg 1834-1863 Alexander Karl
44%
Kingdom of Saxony 1827-1836 Anton
44%
Principality of Hohenzollern-Sigmaringen 1815-1831 Anton Aloys
44%
Grand Duchy of Baden 1830-1852 Leopold I
44%
Principality of Lippe 1815-1851 Leopold II
44%
Duchy of Anhalt-Dessau 1815-1817 Leopold III
44%
Principality of Lippe 1851-1866 Leopold III
44%
Duchy of Anhalt-Dessau 1817-1863 Leopold IV
44%
Duchy of Anhalt-Köthen 1847-1853 Leopold IV
44%
Duchy of Anhalt 1863-1866 Leopold IV
44%
Kingdom of Bavaria 1848-1864 Maximilian II
44%
Kingdom of Bavaria 1815-1825 Maximilian I Josef
44%
Grand Duchy of Mecklenburg-Schwerin 1837-1842 Paul Friedrich
44%
Grand Duchy of Oldenburg 1823-1829 Peter I
44%
Grand Duchy of Oldenburg 1853-1866 Peter II
44%
Landgraviate of Hesse-Homburg 1839-1846 Philipp
44%
Duchy of Nassau 1839-1866 Adolf
39%
Principality of Schaumburg-Lippe 1860-1866 Adolf I
39%
Principality of Schwarzburg-Sondershausen 1815-1835 Günther Friedrich Karl I
39%
Principality of Schwarzburg-Sondershausen 1835-1866 Günther Friedrich Karl II
39%
Principality of Liechtenstein 1836-1858 Aloys II
33%
Duchy of Holstein 1863-1864 Christian IX
33%
Duchy of Saxe-Lauenburg 1863-1864 Christian IX
33%
Duchy of Holstein 1839-1848 Christian VIII
33%
Duchy of Saxe-Lauenburg 1839-1848 Christian VIII
33%
Landgraviate of Hesse-Homburg 1846-1848 Gustav
28%
Kingdom of Hanover 1837-1851 Ernst August
22%
Duchy of Saxe-Coburg and Gotha 1826-1844 Ernst I
22%
Duchy of Saxe-Altenburg 1853-1866 Ernst I
22%
Duchy of Saxe-Coburg and Gotha 1844-1866 Ernst II
22%
Duchy of Saxe-Coburg-Saalfeld 1815-1826 Ernst III
22%
Duchy of Saxe-Meiningen 1815-1866 Bernhard II
11%
Duchy of Anhalt-Bernburg 1815-1834 Alexius Friedrich Christian
6%
Principality of Hohenzollern-Hechingen 1838-1849 Konstantin
6%
No matching quizzes found
Score Distribution
Percent of People with Each Score
Percentile by Number Answered
Your Score History
You have not taken this quiz